A very ingenious man, Claude Martin in early colonial India / (Record no. 25373)

MARC details
000 -LEADER
fixed length control field 01356cam a2200349 a 4500
001 - CONTROL NUMBER
control field 631287
003 - CONTROL NUMBER IDENTIFIER
control field BDDh-ASL
005 - DATE AND TIME OF LATEST TRANSACTION
control field 20231015030501.0
008 - FIXED-LENGTH DATA ELEMENTS--GENERAL INFORMATION
fixed length control field 930205s1992 ii a b 001 0beng
010 ## - LIBRARY OF CONGRESS CONTROL NUMBER
LC control number 92910868
020 ## - INTERNATIONAL STANDARD BOOK NUMBER
International Standard Book Number 0195631315 :
Terms of availability Rs325.00
025 ## - OVERSEAS ACQUISITION NUMBER
Overseas acquisition number I-E-70464
040 ## - CATALOGING SOURCE
Original cataloging agency DLC
Transcribing agency DLC
Modifying agency DLC
-- BDDh-ASL
043 ## - GEOGRAPHIC AREA CODE
Geographic area code a-ii---
-- e-uk---
050 00 - LIBRARY OF CONGRESS CALL NUMBER
Classification number DS470.M3
Item number L55 1992
082 ## - DEWEY DECIMAL CLASSIFICATION NUMBER
Classification number 920
Item number LLV
100 2# - MAIN ENTRY--PERSONAL NAME
Personal name Llewellyn-Jones, Rosie.
245 12 - TITLE STATEMENT
Title A very ingenious man, Claude Martin in early colonial India /
Statement of responsibility, etc. Rosie Llewellyn-Jones.
260 ## - PUBLICATION, DISTRIBUTION, ETC.
Place of publication, distribution, etc. Delhi ;
-- New York :
Name of publisher, distributor, etc. Oxford University Press,
Date of publication, distribution, etc. 1992.
300 ## - PHYSICAL DESCRIPTION
Extent xxi, 241 p. :
Other physical details ill. ;
Dimensions 22 cm.
504 ## - BIBLIOGRAPHY, ETC. NOTE
Bibliography, etc. note Includes bibliographical references (p. [230]-233) and index.
520 ## - SUMMARY, ETC.
Summary, etc. Biography of an architect and a colonel in the British Army in colonial India.
600 10 - SUBJECT ADDED ENTRY--PERSONAL NAME
Personal name Martin, Claude,
Dates associated with a name 1735-1800.
610 10 - SUBJECT ADDED ENTRY--CORPORATE NAME
Corporate name or jurisdiction name as entry element Great Britain.
Subordinate unit Army
General subdivision Officers
-- Biography.
650 #0 - SUBJECT ADDED ENTRY--TOPICAL TERM
Topical term or geographic name entry element Architects
Geographic subdivision Great Britain
General subdivision Biography.
651 #0 - SUBJECT ADDED ENTRY--GEOGRAPHIC NAME
Geographic name India
General subdivision History
Chronological subdivision 18th century.
740 0# - ADDED ENTRY--UNCONTROLLED RELATED/ANALYTICAL TITLE
Uncontrolled related/analytical title Claude Martin in early colonial India.
856 42 - ELECTRONIC LOCATION AND ACCESS
Materials specified Publisher description
Uniform Resource Identifier <a href="http://www.loc.gov/catdir/enhancements/fy0606/92910868-d.html">http://www.loc.gov/catdir/enhancements/fy0606/92910868-d.html</a>
906 ## - LOCAL DATA ELEMENT F, LDF (RLIN)
a 7
b cbc
c orignew
d 3
e ncip
f 19
g y-gencatlg
942 ## - ADDED ENTRY ELEMENTS (KOHA)
Source of classification or shelving scheme Dewey Decimal Classification
Koha item type Books
Holdings
Withdrawn status Lost status Source of classification or shelving scheme Damaged status Not for loan Collection code Home library Current library Shelving location Date acquired Source of acquisition Total Checkouts Full call number Barcode Date last seen Copy number Price effective from Koha item type
    Dewey Decimal Classification     Non-fiction Asiatic Society Library Asiatic Society Library Sirajul Islam Collection 07/14/2021 Donated by Professor Sirajul Islam, FRHS   920 LLV 110130 07/14/2021 C-1 07/14/2021 Books

Powered by Koha